[Event "4NCL Online Division 1"]
[Site "online"]
[Date "2021.03.23"]
[EventDate "2021.03.23"]
[Round "5.73"]
[White "Frostick, Clive A"]
[WhiteElo "2188"]
[WhiteTeam "CSC 1"]
[Black "Venkataramanan, T.S."]
[BlackTitle "FM"]
[BlackElo "2253"]
[BlackTeam "Watford 1"]
[Result "0-1"]
[PlyCount "52"]

1. e4 e5 2. Nc3 Nf6 3. Nf3 Nc6 4. d4 exd4 5. Nxd4 Bb4 6. Nxc6 bxc6 7. Bd3 d5 8. exd5 cxd5 9. O-O O-O 10. h3 Be6 11. Qf3 c5 12. Rd1 Qe7 13. Bg5 h6 14. Bxf6 Qxf6 15. Qxf6 gxf6 16. Na4 c4 17. Be2 Rfd8 18. c3 Bd6 19. b4 cxb3 20. axb3 Be5 21. Bf3 Rac8 22. Rd3 d4 23. cxd4 Rxd4 24. Rxd4 Bxd4 25. Rd1 Be5 26. Rd3 Bxb3 {[W: 0:00:24; B: 0:19:49]} 0-1

[Event "4NCL Online Division 1"]
[Site "online"]
[Date "2021.03.23"]
[EventDate "2021.03.23"]
[Round "5.74"]
[White "Stone, Andrew M"]
[WhiteElo "2185"]
[WhiteTeam "Watford 1"]
[Black "Saidmurodov, Shahjahon"]
[BlackElo "2063"]
[BlackTeam "CSC 1"]
[Result "1-0"]
[PlyCount "101"]

1. d4 Nf6 2. c4 e5 3. dxe5 Ng4 4. e3 Nxe5 5. f4 Ng6 6. Nf3 Nc6 7. Nc3 Bc5 8. a3 a5 9. Bd3 d6 10. h4 Bg4 11. h5 Nh4 12. Kf2 Nf5 13. Qc2 g6 14. hxg6 fxg6 15. Nd5 O-O 16. Bd2 a4 17. Rh2 Nce7 18. Nc3 Nc6 19. Nxa4 Nxe3 20. Bxe3 Bxe3+ 21. Kxe3 Qf6 22. Be4 Qxf4+ 23. Kd3 Qxe4+ 24. Kxe4 Bf5+ 25. Ke3 Bxc2 26. Nc3 Rae8+ 27. Kd2 Bf5 28. Nd5 Rf7 29. Ng5 Re4 30. Nxf7 Kxf7 31. Rxh7+ Kg8 32. Nf6+ Kf8 33. Nxe4 Bxe4 34. Rxc7 Bxg2 35. Rg1 Be4 36. Ke3 d5 37. cxd5 Bxd5 38. Rxc6 bxc6 39. Rxg6 Ke7 40. Kd4 Kd7 41. Kc5 Kc7 42. Rg7+ Kb8 43. Kb6 Kc8 44. Rc7+ Kb8 45. Rxc6 Bxc6 46. Kxc6 Ka8 47. b4 Kb8 48. b5 Ka8 49. Kc7 Ka7 50. b6+ Ka8 51. b7+ {[W: 0:06:57; B: 0:03:34]} 1-0

[Event "4NCL Online Division 1"]
[Site "online"]
[Date "2021.03.23"]
[EventDate "2021.03.23"]
[Round "5.81"]
[White "Chow, Samuel"]
[WhiteTitle "FM"]
[WhiteElo "2422"]
[WhiteTeam "Warwick University"]
[Black "Jones, Gawain C B"]
[BlackTitle "GM"]
[BlackElo "2666"]
[BlackTeam "Chessable White Rose 1"]
[Result "1/2-1/2"]
[PlyCount "114"]

1. d4 Nf6 2. c4 e6 3. Nf3 Bb4+ 4. Bd2 c5 5. Bxb4 cxb4 6. a3 bxa3 7. Rxa3 d5 8. Nc3 Nc6 9. cxd5 exd5 10. e3 O-O 11. Be2 Re8 12. O-O Bg4 13. h3 Bh5 14. Ne1 Bxe2 15. Nxe2 Na5 16. Nd3 Nc4 17. Ra2 a5 18. b3 Nd6 19. Ne5 Rc8 20. Qa1 b6 21. Rc1 Rxc1+ 22. Qxc1 Nd7 23. Nd3 Qb8 24. Rc2 Rc8 25. Rxc8+ Qxc8 26. Qxc8+ Nxc8 27. Nc3 Ne7 28. Nf4 Nf6 29. f3 g5 30. Nfe2 Ne8 31. e4 Nc7 32. Kf2 f6 33. Ke3 Kf7 34. h4 h6 35. hxg5 hxg5 36. g4 Ke6 37. Nc1 Nc6 38. Nd3 Kd6 39. Na4 b5 40. Nac5 b4 41. Nb7+ Ke7 42. Ndc5 dxe4 43. fxe4 Nb5 44. d5 Ne5 45. Nxa5 Nxg4+ 46. Kf3 f5 47. exf5 Nf6 48. Nc6+ Kd6 49. Ne4+ Nxe4 50. Kxe4 Nc3+ 51. Kf3 Nxd5 52. Nxb4 Nxb4 53. Kg4 Nd5 54. Kxg5 Kc5 55. f6 Nxf6 56. Kxf6 Kb4 57. Ke5 Kxb3 {[W: 0:14:35; B: 0:06:59]} 1/2-1/2

[Event "4NCL Online Division 1"]
[Site "online"]
[Date "2021.03.23"]
[EventDate "2021.03.23"]
[Round "5.82"]
[White "Adair, James R"]
[WhiteTitle "IM"]
[WhiteElo "2470"]
[WhiteTeam "Chessable White Rose 1"]
[Black "Behler, Paul"]
[BlackElo "1883"]
[BlackTeam "Warwick University"]
[Result "1/2-1/2"]
[PlyCount "104"]

1. c4 e6 2. g3 Nf6 3. Bg2 d5 4. Nf3 c6 5. b3 Bd6 6. Bb2 O-O 7. O-O Qc7 8. Qc2 Nbd7 9. Rc1 Qd8 10. d4 Re8 11. Nc3 dxc4 12. Nd2 cxb3 13. axb3 Nd5 14. Nc4 Bf8 15. Ne4 N7f6 16. Nc5 b6 17. Nd3 Bb7 18. Nce5 a5 19. Nxc6 Qc7 20. e4 Ne7 21. Nde5 Rac8 22. d5 exd5 23. exd5 Nfxd5 24. Nxe7+ Qxe7 25. Qf5 g6 26. Qd7 Bg7 27. Rxc8 Qxd7 28. Nxd7 Bxc8 29. Bxg7 Kxg7 30. Bxd5 Bxd7 31. Rd1 Re7 32. Kg2 Kf6 33. Rd3 Bf5 34. Rc3 Be4+ 35. Bxe4 Rxe4 36. Rc6+ Re6 37. Rc7 g5 38. Kf3 h5 39. h3 Rd6 40. Ke4 Ke6 41. g4 hxg4 42. hxg4 f6 43. f3 b5 44. Ra7 a4 45. bxa4 bxa4 46. Rxa4 Rb6 47. Rc4 Ra6 48. Rb4 Rc6 49. Ra4 Rb6 50. Rc4 Ra6 51. Rb4 Rc6 52. Ra4 Rb6 {[W: 0:08:22; B: 0:04:14]} 1/2-1/2

[Event "4NCL Online Division 1"]
[Site "online"]
[Date "2021.03.23"]
[EventDate "2021.03.23"]
[Round "5.83"]
[White "Pyda, Arjun"]
[WhiteElo "1715"]
[WhiteTeam "Warwick University"]
[Black "Sielecki, Christof"]
[BlackTitle "IM"]
[BlackElo "2435"]
[BlackTeam "Chessable White Rose 1"]
[Result "0-1"]
[PlyCount "68"]

1. e4 d6 2. d4 Nf6 3. Nc3 g6 4. Nf3 Bg7 5. Be2 O-O 6. O-O a6 7. h3 Nc6 8. Be3 e5 9. d5 Ne7 10. Nd2 Nd7 11. Nc4 f5 12. f3 Nf6 13. a4 f4 14. Bf2 g5 15. b4 b6 16. a5 b5 17. Nd2 h5 18. Na2 Rf7 19. c4 bxc4 20. Nxc4 Bh6 21. Nc3 Rg7 22. Kh1 g4 23. Nd2 g3 24. Bg1 Ng6 25. Re1 Nh7 26. Bf1 Qh4 27. Ra2 Ng5 28. Nc4 Nxh3 29. gxh3 Bxh3 30. Bxh3 Qxh3+ 31. Bh2 Nh4 32. Qd3 g2+ 33. Kg1 Nxf3+ 34. Kf2 Qxh2 {[W: 0:07:53; B: 0:18:02]} 0-1

[Event "4NCL Online Division 1"]
[Site "online"]
[Date "2021.03.23"]
[EventDate "2021.03.23"]
[Round "5.84"]
[White "Hackner, Oskar A"]
[WhiteElo "2414"]
[WhiteTeam "Chessable White Rose 1"]
[Black "Bill, Vincenz"]
[BlackElo "1382"]
[BlackTeam "Warwick University"]
[Result "1-0"]
[PlyCount "69"]

1. d4 Nf6 2. c4 e6 3. g3 d5 4. Nf3 Be7 5. Bg2 O-O 6. O-O dxc4 7. Ne5 c6 8. Nc3 Nbd7 9. Nxc4 Nd5 10. e4 N5b6 11. Ne3 e5 12. dxe5 Nxe5 13. Qh5 Qc7 14. Rd1 Be6 15. f4 Nec4 16. b3 Nxe3 17. Bxe3 Rad8 18. Bd4 g6 19. Qa5 f6 20. Kh1 Rd7 21. e5 f5 22. Qxa7 Rxd4 23. Rxd4 Ra8 24. Nb5 cxb5 25. Qxb7 Ra7 26. Qxc7 Rxc7 27. a4 Bxb3 28. axb5 Rc5 29. Bc6 Bc4 30. Ra7 Kf7 31. Rd8 Bxb5 32. Bxb5 Rxb5 33. Rh8 Nd5 34. Rxh7+ Kf8 35. Ra8+ {[W: 0:07:25; B: 0:04:18]} 1-0

[Event "4NCL Online Division 1"]
[Site "online"]
[Date "2021.03.23"]
[EventDate "2021.03.23"]
[Round "5.91"]
[White "Jackson, James P"]
[WhiteTitle "IM"]
[WhiteElo "2408"]
[WhiteTeam "Barbican"]
[Black "Cooper, Gavyn"]
[BlackElo "2282"]
[BlackTeam "Shropshire 1"]
[Result "1-0"]
[PlyCount "97"]

1. e4 c5 2. Nf3 e6 3. d4 cxd4 4. Nxd4 a6 5. c4 Nf6 6. Nc3 Qc7 7. a3 Be7 8. Be2 O-O 9. O-O d6 10. Be3 b6 11. Qd2 Bb7 12. f3 Nbd7 13. Rfc1 Rac8 14. Kh1 Qb8 15. b4 Bd8 16. Bg1 Bc7 17. Rc2 Kh8 18. Na4 Ne5 19. Rb1 Rcd8 20. Qc1 Ng6 21. Bf1 d5 22. exd5 exd5 23. c5 b5 24. Nb6 Ne5 25. a4 Nc4 26. axb5 Bf4 27. Qd1 axb5 28. Nxb5 Rfe8 29. Nd4 Nxb6 30. cxb6 Nh5 31. g4 Nf6 32. b5 Rd6 33. Nc6 Qc8 34. Bd4 Qe6 35. Bd3 Qd7 36. Bf5 Rde6 37. Be5 Be3 38. Nd4 Qd8 39. Bxe6 fxe6 40. Rc7 Nd7 41. Bg3 e5 42. Nf5 Ba8 43. b7 Qxc7 44. bxa8=Q Rxa8 45. Qxd5 Rf8 46. Nxe3 Qc3 47. Re1 Qb4 48. Qxd7 Rxf3 49. Nf5 {[W: 0:13:57; B: 0:00:30]} 1-0

[Event "4NCL Online Division 1"]
[Site "online"]
[Date "2021.03.23"]
[EventDate "2021.03.23"]
[Round "5.92"]
[White "Paul, Nathanael"]
[WhiteElo "2043"]
[WhiteTeam "Shropshire 1"]
[Black "Cox, John J"]
[BlackTitle "IM"]
[BlackElo "2324"]
[BlackTeam "Barbican"]
[Result "1/2-1/2"]
[PlyCount "91"]

1. d4 Nf6 2. Bf4 g6 3. Nc3 d5 4. e3 Bg7 5. h4 c5 6. Nf3 O-O 7. Ne5 Nc6 8. h5 cxd4 9. exd4 Nxh5 10. Rxh5 gxh5 11. Qxh5 f5 12. O-O-O Nxe5 13. Bxe5 e6 14. Bd3 Qe8 15. Qh2 Bd7 16. Rh1 Qg6 17. g4 Bxe5 18. Qxe5 Qxg4 19. Ne2 Qg5+ 20. Kb1 Qf6 21. Qh2 Rf7 22. c3 Rg7 23. Nf4 Be8 24. Be2 Bg6 25. Bh5 Re8 26. Bxg6 hxg6 27. Nd3 Kf8 28. Qd6+ Qe7 29. Rh8+ Kf7 30. Ne5+ Kf6 31. Ng4+ Kg5 32. Qg3 f4 33. Qh4+ Kf5 34. Nh6+ Ke4 35. Qh1+ f3 36. Qe1+ Kd3 37. Qf1+ Kd2 38. Qc1+ Ke2 39. Qe3+ Kf1 40. Rxe8 Qxe8 41. Qxf3 Qe7 42. Qh3+ Ke2 43. Qe3+ Kf1 44. Qh3+ Ke2 45. Qe3+ Kf1 46. Qh3+ {[W: 0:00:20; B: 0:01:46]} 1/2-1/2

[Event "4NCL Online Division 1"]
[Site "online"]
[Date "2021.03.23"]
[EventDate "2021.03.23"]
[Round "5.93"]
[White "Sowray, Peter J"]
[WhiteTitle "FM"]
[WhiteElo "2308"]
[WhiteTeam "Barbican"]
[Black "Hurney, Kevin"]
[BlackElo "2036"]
[BlackTeam "Shropshire 1"]
[Result "1-0"]
[PlyCount "61"]

1. d4 Nf6 2. c4 g6 3. g3 Bg7 4. Bg2 O-O 5. Nc3 d6 6. Nf3 Nc6 7. O-O e5 8. dxe5 dxe5 9. Bg5 Qxd1 10. Raxd1 Be6 11. Nd5 Bxd5 12. cxd5 Nb4 13. Nxe5 Rfe8 14. f4 h6 15. Bh4 Nh7 16. g4 g5 17. Be1 gxf4 18. d6 cxd6 19. Nxf7 Nc2 20. Nxd6 Bd4+ 21. Kh1 Rxe2 22. Bd5+ Kh8 23. Rxd4 Nxe1 24. Bc4 Re7 25. Rdxf4 Nc2 26. Nf5 Rd7 27. Bb3 Rd2 28. Rc4 Re8 29. Rxc2 Rxc2 30. Bxc2 Re2 31. Nd4 {[W: 0:01:58; B: 0:04:47]} 1-0

[Event "4NCL Online Division 1"]
[Site "online"]
[Date "2021.03.23"]
[EventDate "2021.03.23"]
[Round "5.94"]
[White "Zabrocki, Philip"]
[WhiteElo "2025"]
[WhiteTeam "Shropshire 1"]
[Black "Chapman, Terry P D"]
[BlackTitle "FM"]
[BlackElo "2223"]
[BlackTeam "Barbican"]
[Result "0-1"]
[PlyCount "58"]

1. e4 c6 2. d4 d5 3. e5 c5 4. dxc5 e6 5. a3 Bxc5 6. b4 Be7 7. Nf3 a5 8. b5 Nd7 9. Bd3 f6 10. Bb2 Nh6 11. c4 Nc5 12. O-O Nf7 13. cxd5 Qxd5 14. Bc2 Qxd1 15. Rxd1 a4 16. Nbd2 Bd7 17. b6 Ra6 18. exf6 gxf6 19. Nc4 Bb5 20. Nfd2 O-O 21. Re1 Nd6 22. Nxd6 Bxd6 23. Bd4 e5 24. Bxc5 Bxc5 25. Rab1 Rxb6 26. Ne4 Bd4 27. Rb4 Bc6 28. Bxa4 Rxb4 29. axb4 Bxa4 {[W: 0:10:07; B: 0:06:56]} 0-1

[Event "4NCL Online Division 1"]
[Site "online"]
[Date "2021.03.23"]
[EventDate "2021.03.23"]
[Round "5.101"]
[White "Plichta, Kamil"]
[WhiteTitle "FM"]
[WhiteElo "2396"]
[WhiteTeam "Chessable White Rose 2"]
[Black "White, Stuart A"]
[BlackElo "2240"]
[BlackTeam "Alba Bon Accord 1"]
[Result "1/2-1/2"]
[PlyCount "101"]

1. e4 e6 2. d4 d5 3. Bd3 dxe4 4. Bxe4 Nf6 5. Bf3 c5 6. Ne2 Nc6 7. Be3 cxd4 8. Nxd4 Nxd4 9. Qxd4 Qc7 10. O-O Bd6 11. Nc3 Bd7 12. Rad1 Bxh2+ 13. Kh1 Be5 14. Qb4 Bxc3 15. bxc3 Bc6 16. Bxc6+ Qxc6 17. Bg5 Rc8 18. Rd3 h6 19. Bxf6 gxf6 20. Qg4 Ke7 21. Qb4+ Ke8 22. Qh4 Rg8 23. f3 Rg5 24. Qxh6 Qc5 25. g4 Rg6 26. Qh7 Qg5 27. Qh8+ Rg8 28. Qh2 e5 29. Kg1 Kf8 30. Rfd1 Kg7 31. Qd2 Qh4 32. Qf2 Qxf2+ 33. Kxf2 Rc7 34. Ke3 Rgc8 35. Kd2 Kg6 36. Rh1 f5 37. gxf5+ Kxf5 38. Rh5+ Ke6 39. Re3 f6 40. f4 Rc5 41. fxe5 Rxe5 42. Rexe5+ fxe5 43. Rh7 Rd8+ 44. Ke3 Rd7 45. Rh1 Rg7 46. c4 Rg3+ 47. Ke4 Rg4+ 48. Kd3 Rg3+ 49. Ke4 Rg4+ 50. Kd3 Rg3+ 51. Ke4 {[W: 0:03:47; B: 0:02:08]} 1/2-1/2

[Event "4NCL Online Division 1"]
[Site "online"]
[Date "2021.03.23"]
[EventDate "2021.03.23"]
[Round "5.102"]
[White "Grove, Michael"]
[WhiteElo "2139"]
[WhiteTeam "Alba Bon Accord 1"]
[Black "Wall, Tim P"]
[BlackTitle "FM"]
[BlackElo "2275"]
[BlackTeam "Chessable White Rose 2"]
[Result "1/2-1/2"]
[PlyCount "44"]

1. e4 e5 2. Bc4 Nf6 3. d3 Nc6 4. Nc3 Bc5 5. Nf3 d6 6. h3 Be6 7. Bg5 h6 8. Bh4 g5 9. Bg3 a6 10. Qe2 Nd4 11. Qd1 Qd7 12. Nd2 c6 13. Ne2 O-O-O 14. c3 Nxe2 15. Qxe2 Bb6 16. O-O-O Bc7 17. Rhe1 Rhe8 18. Kb1 Kb8 19. Bb3 Qe7 20. Nc4 Nd7 21. d4 exd4 22. cxd4 Nb6 {[W: 0:06:05; B: 0:03:41]} 1/2-1/2

[Event "4NCL Online Division 1"]
[Site "online"]
[Date "2021.03.23"]
[EventDate "2021.03.23"]
[Round "5.103"]
[White "Gayson, Peter M"]
[WhiteTitle "FM"]
[WhiteElo "2253"]
[WhiteTeam "Chessable White Rose 2"]
[Black "Gray, Euan"]
[BlackElo "2083"]
[BlackTeam "Alba Bon Accord 1"]
[Result "1-0"]
[PlyCount "143"]

1. e4 e5 2. Bc4 Nc6 3. Nf3 Bc5 4. c3 Nf6 5. d4 exd4 6. cxd4 Bb4+ 7. Bd2 Bxd2+ 8. Nbxd2 d5 9. exd5 Nxd5 10. O-O O-O 11. Rc1 Nb6 12. Bb3 Nxd4 13. Nxd4 Qxd4 14. Rxc7 Nd5 15. Bxd5 Qxd5 16. Nc4 Qxd1 17. Rxd1 Be6 18. b3 b6 19. Ne3 Rfc8 20. Rdc1 Rd8 21. f4 g6 22. R1c2 Rd4 23. g3 Rd3 24. Kf2 a5 25. Ke2 Rd4 26. Rb7 Rb4 27. Rc6 Ra6 28. Nc2 Rb5 29. Nd4 Bd5 30. Rc8+ Kg7 31. Rd7 Rc5 32. Rxc5 bxc5 33. Rxd5 cxd4 34. Kd3 a4 35. b4 Rc6 36. Rxd4 Rc1 37. Rc4 Rb1 38. Kd4 a3 39. Kc5 Rb2 40. b5 Rxa2 41. Rc3 Kf6 42. b6 Ke7 43. b7 Rb2 44. Kc6 a2 45. Ra3 Kd8 46. Rxa2 Rxa2 47. b8=Q+ Ke7 48. Qe5+ Kf8 49. Qh8+ Ke7 50. Qxh7 Kf6 51. Qh8+ Ke7 52. Qe5+ Kf8 53. h4 Rg2 54. Qg5 Rc2+ 55. Kd5 Ra2 56. Ke4 Ra4+ 57. Kf3 Ra3+ 58. Kg4 Ra4 59. Qc5+ Kg7 60. h5 gxh5+ 61. Kxh5 Ra6 62. Qg5+ Kh7 63. f5 Ra5 64. Qh6+ Kg8 65. g4 Rb5 66. Qc6 Rb1 67. f6 Rh1+ 68. Kg5 Re1 69. Qc8+ Kh7 70. Qf8 Re5+ 71. Kh4 Kg6 72. Qg7# {[W: 0:04:59; B: 0:04:36]} 1-0

[Event "4NCL Online Division 1"]
[Site "online"]
[Date "2021.03.23"]
[EventDate "2021.03.23"]
[Round "5.104"]
[White "Jennings, Richard"]
[WhiteElo "2013"]
[WhiteTeam "Alba Bon Accord 1"]
[Black "Oswald, Graeme"]
[BlackElo "2199"]
[BlackTeam "Chessable White Rose 2"]
[Result "0-1"]
[PlyCount "84"]

1. d4 Nf6 2. Bg5 c5 3. d5 Qb6 4. Bxf6 Qxf6 5. Nc3 a6 6. a4 d6 7. e3 g6 8. Bd3 Bg7 9. Nge2 O-O 10. O-O e5 11. dxe6 fxe6 12. Ra3 Nc6 13. Ne4 Qe7 14. c3 d5 15. N4g3 Bd7 16. Bc2 Ne5 17. Nf4 Bc6 18. Ra1 Rae8 19. Nd3 Nd7 20. Qe2 Qh4 21. f3 g5 22. Nh1 e5 23. Ndf2 e4 24. fxe4 dxe4 25. Ng4 Qh5 26. Rad1 Qg6 27. Rxf8+ Bxf8 28. Ng3 b5 29. axb5 axb5 30. Qf1 Bg7 31. Nf5 h5 32. Nxg7 Kxg7 33. Nf2 Ne5 34. Qe2 g4 35. Qd2 Nf3+ 36. gxf3 gxf3+ 37. Ng4 hxg4 38. Qd6 Re6 39. Qxc5 g3 40. Qd4+ Kh7 41. Ra1 gxh2+ 42. Kh1 Qg2# {[W: 0:00:34; B: 0:03:01]} 0-1

[Event "4NCL Online Division 1"]
[Site "online"]
[Date "2021.03.23"]
[EventDate "2021.03.23"]
[Round "5.111"]
[White "Pert, Richard G"]
[WhiteTitle "IM"]
[WhiteElo "2513"]
[WhiteTeam "Brentwood A"]
[Black "Sedykh, Mikhail"]
[BlackElo "2171"]
[BlackTeam "Catford Cosmonauts 1"]
[Result "1/2-1/2"]
[PlyCount "59"]

1. e4 c5 2. Nf3 d6 3. d4 cxd4 4. Nxd4 Nf6 5. Nc3 a6 6. Bd3 e5 7. Nde2 Be7 8. O-O O-O 9. Ng3 Be6 10. Nd5 Bxd5 11. exd5 g6 12. c4 Nbd7 13. Kh1 Ne8 14. f4 f5 15. fxe5 Nxe5 16. Ne2 Bg5 17. Nf4 Ng7 18. Qb3 Re8 19. Be2 Nd7 20. Bf3 Nc5 21. Qa3 Bxf4 22. Bxf4 g5 23. Be3 Rc8 24. g4 Qf6 25. gxf5 Qxf5 26. Bg2 Qg6 27. Bd4 Nf5 28. Bg1 Nh4 29. Qg3 Re2 30. Bxc5 {[W: 0:01:04; B: 0:00:32]} 1/2-1/2

[Event "4NCL Online Division 1"]
[Site "online"]
[Date "2021.03.23"]
[EventDate "2021.03.23"]
[Round "5.112"]
[White "Orlovska, Madara"]
[WhiteElo "2135"]
[WhiteTeam "Catford Cosmonauts 1"]
[Black "Haydon, David L"]
[BlackTitle "FM"]
[BlackElo "2435"]
[BlackTeam "Brentwood A"]
[Result "1/2-1/2"]
[PlyCount "155"]

1. d4 c6 2. Bf4 d5 3. Nf3 Bf5 4. e3 e6 5. Bd3 Bxd3 6. Qxd3 Nf6 7. Nbd2 Bd6 8. Bg3 Qc7 9. c4 Nbd7 10. c5 Bxg3 11. hxg3 b6 12. b4 a5 13. cxb6 Qxb6 14. bxa5 Qxa5 15. O-O c5 16. Nb3 Qb4 17. Nxc5 Nxc5 18. dxc5 Qxc5 19. Rfc1 Qa5 20. Qc3 O-O 21. Qxa5 Rxa5 22. Rc2 Ne4 23. Nd2 Nxd2 24. Rxd2 Rfa8 25. Kf1 g5 26. g4 Ra4 27. f3 Kg7 28. Kf2 Kg6 29. Ke2 Ra3 30. Kf2 R8a4 31. Ke2 h5 32. gxh5+ Kxh5 33. g4+ Kg6 34. Kf2 f5 35. gxf5+ Kxf5 36. Rb2 g4 37. fxg4+ Kxg4 38. Rd2 Kf5 39. Rh1 Rxa2 40. Rxa2 Rxa2+ 41. Kf3 Ra3 42. Rh4 e5 43. Rh5+ Kf6 44. Rh6+ Kg5 45. Rh1 e4+ 46. Kf2 Ra2+ 47. Kf1 Kg4 48. Rh8 Kf3 49. Rh3+ Kg4 50. Rh8 Kg3 51. Rh5 Rf2+ 52. Ke1 Rh2 53. Rf5 Kg4 54. Rf4+ Kg5 55. Rf8 Rh1+ 56. Ke2 Ra1 57. Kd2 Ra2+ 58. Ke1 Ra3 59. Ke2 Rd3 60. Rf7 Kg6 61. Rf8 Ra3 62. Kd2 Ra2+ 63. Ke1 Ra7 64. Rd8 Kf5 65. Rxd5+ Kg4 66. Kd2 Ra2+ 67. Ke1 Kf3 68. Rh5 Rg2 69. Rh3+ Rg3 70. Rxg3+ Kxg3 71. Kd2 Kf2 72. Kd1 Kf3 73. Kd2 Kg3 74. Ke1 Kf3 75. Kd2 Kf2 76. Kd1 Kg2 77. Ke1 Kf3 78. Kd2 {[W: 0:02:35; B: 0:42:48]} 1/2-1/2

[Event "4NCL Online Division 1"]
[Site "online"]
[Date "2021.03.23"]
[EventDate "2021.03.23"]
[Round "5.113"]
[White "Lee, Qing Aun"]
[WhiteTitle "FM"]
[WhiteElo "2262"]
[WhiteTeam "Brentwood A"]
[Black "Roberts, Mike"]
[BlackElo "2071"]
[BlackTeam "Catford Cosmonauts 1"]
[Result "1-0"]
[PlyCount "57"]

1. e4 d5 2. exd5 Nf6 3. d4 Bg4 4. f3 Bf5 5. g4 Bg6 6. c4 e6 7. Nc3 c5 8. g5 cxd4 9. Nb5 Nfd7 10. Qxd4 a6 11. Nc3 exd5 12. cxd5 Bc5 13. Qxg7 Qe7+ 14. Be2 Rf8 15. Bf4 Be3 16. d6 Qe6 17. Bxe3 Qxe3 18. Nd5 Qxg5 19. Nc7+ Kd8 20. Nxa8 Nc6 21. Kf1 Nce5 22. Rd1 Qf4 23. Nb6 Ng4 24. Qc3 Ne3+ 25. Ke1 Nc2+ 26. Kf2 Qh4+ 27. Kf1 Ne3+ 28. Qxe3 Re8 29. Qc3 {[W: 0:24:23; B: 0:06:27]} 1-0

[Event "4NCL Online Division 1"]
[Site "online"]
[Date "2021.03.23"]
[EventDate "2021.03.23"]
[Round "5.114"]
[White "Robertson, Mark M"]
[WhiteElo "2066"]
[WhiteTeam "Catford Cosmonauts 1"]
[Black "White, Russell P"]
[BlackElo "2105"]
[BlackTeam "Brentwood A"]
[Result "1/2-1/2"]
[PlyCount "110"]

1. e4 e5 2. Nf3 Nc6 3. Bb5 a6 4. Ba4 Nf6 5. O-O b5 6. Bb3 Be7 7. d3 O-O 8. a4 Rb8 9. axb5 axb5 10. Nc3 d6 11. Nd5 Bg4 12. c3 Qd7 13. Ne3 Ra8 14. Rxa8 Rxa8 15. Nxg4 Qxg4 16. Ng5 Nd8 17. Qxg4 Nxg4 18. h3 Nf6 19. f4 h6 20. Nf3 exf4 21. Bxf4 c5 22. e5 dxe5 23. Nxe5 Kf8 24. Bh2 Ra6 25. Re1 Bd6 26. Kf2 g5 27. g4 Kg7 28. Kg2 h5 29. Rf1 hxg4 30. hxg4 Ne6 31. Rf5 Nf4+ 32. Bxf4 gxf4 33. Nxf7 b4 34. Nxd6 Rxd6 35. Bc4 Nd7 36. Kf3 Nb6 37. Rxc5 bxc3 38. bxc3 Na4 39. Rc7+ Kg6 40. Bb5 Nb2 41. Rc6 Rxc6 42. Bxc6 Kg5 43. Be4 Na4 44. c4 Nc5 45. Bf5 Nb3 46. Bd7 Nc5 47. Bf5 Nb3 48. Ke2 Nd4+ 49. Kf2 Nb3 50. Ke1 Kf6 51. Be4 Kg5 52. Bf5 Kh4 53. Kf2 Kg5 54. Bd7 Nc5 55. Bf5 Nb3 {[W: 0:01:21; B: 0:05:29]} 1/2-1/2

[Event "4NCL Online Division 1"]
[Site "online"]
[Date "2021.03.23"]
[EventDate "2021.03.23"]
[Round "5.121"]
[White "Zakarian, David"]
[WhiteTitle "FM"]
[WhiteElo "2370"]
[WhiteTeam "Oxford 1"]
[Black "Redmond, John P."]
[BlackElo "2298"]
[BlackTeam "Atticus A"]
[Result "1/2-1/2"]
[PlyCount "67"]

1. e4 e6 2. Nf3 d5 3. e5 c5 4. b4 d4 5. bxc5 Bxc5 6. Ba3 Qa5 7. Qe2 Bd7 8. Bxc5 Qxc5 9. Qc4 Qxc4 10. Bxc4 Nc6 11. c3 dxc3 12. Nxc3 Nge7 13. Rb1 Rb8 14. Ne4 O-O 15. Nc5 Rfd8 16. O-O Na5 17. Be2 Bc6 18. d3 Nd5 19. Rfc1 Nf4 20. Kf1 Bd5 21. Rb2 Bxf3 22. Bxf3 b6 23. g3 Nxd3 24. Nxd3 Rxd3 25. Ke2 Rd7 26. Rbc2 Kf8 27. Rc8+ Rxc8 28. Rxc8+ Ke7 29. Be4 h5 30. Bd3 Rd8 31. Rc7+ Rd7 32. Rc8 Rd8 33. Rc7+ Rd7 34. Rc8 {[W: 0:09:19; B: 0:01:52]} 1/2-1/2

[Event "4NCL Online Division 1"]
[Site "online"]
[Date "2021.03.23"]
[EventDate "2021.03.23"]
[Round "5.122"]
[White "Kennaugh, Charles W"]
[WhiteTitle "FM"]
[WhiteElo "2239"]
[WhiteTeam "Atticus A"]
[Black "Smallbone, Kieran D"]
[BlackElo "2281"]
[BlackTeam "Oxford 1"]
[Result "0-1"]
[PlyCount "114"]

1. e4 c6 2. d4 d5 3. exd5 cxd5 4. Bd3 Nc6 5. c3 Qc7 6. Ne2 Bg4 7. f3 Bd7 8. Na3 a6 9. Nc2 e5 10. dxe5 Nxe5 11. Ncd4 Bd6 12. Bc2 Ne7 13. O-O O-O 14. Kh1 Rfe8 15. b3 Rac8 16. Bf4 N7c6 17. Nf5 Bxf5 18. Bxf5 Rcd8 19. Qd2 Ng6 20. Bg3 Bxg3 21. Nxg3 d4 22. Bxg6 hxg6 23. Rfe1 Rxe1+ 24. Rxe1 Qa5 25. Ne4 dxc3 26. Qxc3 Qxa2 27. h3 Qa5 28. Qe3 Qe5 29. Nc5 Qg3 30. Rc1 Rd5 31. Ne4 Qe5 32. Qc3 Qxc3 33. Rxc3 Kf8 34. Nc5 Nd8 35. Kg1 a5 36. g3 Ke7 37. Kf2 Ne6 38. Nd3 Ke8 39. Ke3 Kd7 40. f4 f6 41. Ke4 Kd6 42. Ke3 Nd4 43. Nf2 Ne6 44. Ne4+ Kd7 45. h4 b6 46. Kf3 Rb5 47. Ke3 Rb4 48. Rd3+ Ke7 49. Nc3 Ke8 50. Ne4 Rxe4+ 51. Kxe4 Nc5+ 52. Kd4 Nxd3 53. Kxd3 Kd7 54. Kd4 Kd6 55. g4 f5 56. gxf5 gxf5 57. h5 b5 {[W: 0:01:53; B: 0:09:25]} 0-1

[Event "4NCL Online Division 1"]
[Site "online"]
[Date "2021.03.23"]
[EventDate "2021.03.23"]
[Round "5.123"]
[White "Savage, Ben D M"]
[WhiteTitle "FM"]
[WhiteElo "2276"]
[WhiteTeam "Oxford 1"]
[Black "James, David J"]
[BlackTitle "FM"]
[BlackElo "2147"]
[BlackTeam "Atticus A"]
[Result "1-0"]
[PlyCount "89"]

1. Nf3 Nf6 2. c4 e6 3. b3 d5 4. Bb2 a5 5. e3 a4 6. bxa4 Nbd7 7. cxd5 exd5 8. Nc3 Bd6 9. Bd3 Nc5 10. Bc2 Bg4 11. h3 Bh5 12. d4 Nce4 13. Nxd5 Ng5 14. Nc3 Nxf3+ 15. gxf3 c6 16. Ne4 Nxe4 17. Bxe4 Qa5+ 18. Kf1 O-O 19. Qb3 Qxa4 20. Kg2 Qxb3 21. axb3 Bg6 22. Bc3 f6 23. Rhb1 Bf7 24. Bd3 b6 25. Be4 Bd5 26. Bxd5+ cxd5 27. Kf1 f5 28. Ke2 Kf7 29. Kd3 Ke6 30. Rc1 g6 31. Bd2 Kd7 32. Bc3 Rfe8 33. Rg1 Rf8 34. h4 Be7 35. h5 g5 36. f4 g4 37. f3 Rxa1 38. Bxa1 Rg8 39. fxg4 fxg4 40. e4 dxe4+ 41. Kxe4 Bd6 42. d5 Re8+ 43. Be5 Rg8 44. Rg3 Ke7 45. Kf5 {Time forfeit} {[W: 0:02:24; B: 0:01:14]} 1-0

[Event "4NCL Online Division 1"]
[Site "online"]
[Date "2021.03.23"]
[EventDate "2021.03.23"]
[Round "5.124"]
[White "Kee, Steve"]
[WhiteElo "2098"]
[WhiteTeam "Atticus A"]
[Black "Nataraj, Nakul"]
[BlackElo "2140"]
[BlackTeam "Oxford 1"]
[Result "1-0"]
[PlyCount "73"]

1. c4 Nf6 2. g3 g6 3. Bg2 Bg7 4. Nc3 O-O 5. e4 d6 6. Nge2 e5 7. O-O Be6 8. d3 c6 9. h3 Qd7 10. Kh2 Na6 11. Be3 Nc7 12. f4 h5 13. Qd2 Rad8 14. Bxa7 exf4 15. Nxf4 d5 16. cxd5 cxd5 17. Bc5 dxe4 18. Bxf8 Rxf8 19. Nxe4 Nxe4 20. Bxe4 Rd8 21. a4 h4 22. g4 Bb3 23. Qb4 Nd5 24. Nxd5 Bxd5 25. Rf2 Qc7+ 26. Kh1 Qe5 27. Raf1 Bf8 28. Qe1 Re8 29. Re2 Bd6 30. Qf2 Qg5 31. Qf3 Bxe4 32. Rxe4 Rf8 33. Qf6 Qd5 34. Qd4 Qc6 35. Qc4 Qb6 36. b3 Bg3 37. Re7 {[W: 0:06:47; B: 0:00:42]} 1-0